Camacho y Guerrero Arquitectos : (Registro nro. 4607)
[ vista simple ]
| 000 -LEADER | |
|---|---|
| fixed length control field | 01331nam a2200277Ia 4500 |
| 003 - CONTROL NUMBER IDENTIFIER | |
| control field | OSt |
| 005 - DATE AND TIME OF LATEST TRANSACTION | |
| control field | 20210212153513.0 |
| 008 - FIXED-LENGTH DATA ELEMENTS--GENERAL INFORMATION | |
| fixed length control field | 191128s2018 ck adbegr 000 0dspa d |
| 020 ## - INTERNATIONAL STANDARD BOOK NUMBER | |
| International Standard Book Number | 9789585991965 |
| 040 ## - CATALOGING SOURCE | |
| Original cataloging agency | CO-JMCR |
| Transcribing agency | CO-JMCR |
| 041 0# - LANGUAGE CODE | |
| Language code of text/sound track or separate title | spa |
| 082 04 - DEWEY DECIMAL CLASSIFICATION NUMBER | |
| Classification number | 720.9861 / |
| Item number | T626c |
| Edition number | 23 |
| 100 1# - MAIN ENTRY--PERSONAL NAME | |
| Personal name | Téllez Castañeda, Germán, |
| Relator term | autor |
| 9 (RLIN) | 13400 |
| 245 10 - TITLE STATEMENT | |
| Title | Camacho y Guerrero Arquitectos : |
| Remainder of title | análisis crítico y fotografías / |
| Statement of responsibility, etc. | Germán Téllez Castañeda ; prólogo Roberto J. Londoño |
| 260 ## - PUBLICATION, DISTRIBUTION, ETC. | |
| Place of publication, distribution, etc. | Bogotá : |
| Name of publisher, distributor, etc. | Alcaldía Mayor de Bogotá : Secretaria de Cultura Recreación y Deportes, |
| Date of publication, distribution, etc. | 2018 |
| 300 ## - PHYSICAL DESCRIPTION | |
| Extent | 243 páginas : |
| Other physical details | ilustraciones, fotografías, mapas, planos a color y blanco y negro ; |
| Dimensions | 26 cm. |
| 490 0# - SERIES STATEMENT | |
| Series statement | Homenajes. Arquitectos en Bogotá |
| 500 ## - GENERAL NOTE | |
| General note | Incluye datos biográficos del autor en solapa frontal.<br/>Acompañado de: plano Bogotá - Cali |
| 504 ## - BIBLIOGRAPHY, ETC. NOTE | |
| Bibliography, etc. note | Bibliografía : páginas 242 |
| 505 0# - FORMATTED CONTENTS NOTE | |
| Formatted contents note | <br/> |
| Title | La buena arquitectura de Jaime Camacho y Julián Guerrero / |
| Statement of responsibility | Mauricio Uribe González |
| Title | Una arquitectura temporal / |
| Statement of responsibility | Roberto Londoño |
| 650 14 - SUBJECT ADDED ENTRY--TOPICAL TERM | |
| Topical term or geographic name entry element | Firmas arquitectónicas |
| 9 (RLIN) | 13401 |
| Geographic subdivision | Colombia |
| 650 14 - SUBJECT ADDED ENTRY--TOPICAL TERM | |
| Topical term or geographic name entry element | Arquitectura colombiana |
| Form subdivision | historia |
| General subdivision | fotografías |
| Chronological subdivision | Siglo XX |
| 9 (RLIN) | 13408 |
| 650 14 - SUBJECT ADDED ENTRY--TOPICAL TERM | |
| Topical term or geographic name entry element | Arquitectura |
| Geographic subdivision | Colombia |
| 9 (RLIN) | 13409 |
| 700 1# - ADDED ENTRY--PERSONAL NAME | |
| Personal name | Londoño, Roberto J., |
| Relator term | prologuista |
| 9 (RLIN) | 13410 |
| 942 ## - ADDED ENTRY ELEMENTS (KOHA) | |
| Source of classification or shelving scheme | Dewey Decimal Classification |
| Koha item type | Books |
| Withdrawn status | Lost status | Source of classification or shelving scheme | Damaged status | Not for loan | Collection code | Home library | Current library | Date acquired | Source of acquisition | Full call number | Barcode | Date last seen | Copy number | Koha item type |
|---|---|---|---|---|---|---|---|---|---|---|---|---|---|---|
| Dewey Decimal Classification | Non-fiction | Biblioteca Pública José María del Castillo y Rada | Biblioteca Pública José María del Castillo y Rada | 04/15/2018 | Donación | 720.9861 / T626c | 201809520 | 05/16/2024 | Ej.1 | Books |